|
|
|
|
| LEADER |
00881aam a22002538a 4500 |
| 001 |
00030070 |
| 005 |
20171026081022.0 |
| 008 |
121212s2012 ||||||viesd |
| 020 |
# |
# |
|a 9786046401544
|
| 041 |
0 |
# |
|a vie
|
| 082 |
|
|
|a 398.208 995 91
|b TR527C
|
| 100 |
1 |
# |
|a Vi, Hồng
|e Sưu tầm, biên soạn
|
| 245 |
1 |
0 |
|a Truyện cổ và dân ca nghi lễ dân tộc Tầy
|c Vi Hồng (sưu tầm, biên soạn)
|
| 260 |
# |
# |
|a TPHCM
|b Thanh Niên
|c 2012
|
| 300 |
# |
# |
|a 590 tr.
|c 21 cm.
|
| 500 |
# |
# |
|a ĐTTS ghi : Hội văn nghệ dân gian Việt Nam
|
| 653 |
# |
# |
|a Dân ca
|
| 653 |
# |
# |
|a Người Tày
|
| 653 |
# |
# |
|a Truyện cổ
|
| 653 |
# |
# |
|a Văn học dân gian
|
| 852 |
# |
# |
|b Kho đọc
|j KD.0014235
|
| 852 |
# |
# |
|j KD.0014235
|
| 910 |
|
|
|d 12/12/2012
|
| 980 |
# |
# |
|a Trung tâm Học liệu Lê Vũ Hùng, Trường Đại học Đồng Tháp
|